| 000 | 00868nam a22002777a 4500 | ||
|---|---|---|---|
| 003 | CHAP | ||
| 005 | 20220329134226.0 | ||
| 008 | 971013s1978 r 00010 d | ||
| 010 | _a17257 | ||
| 011 | _a18229 | ||
| 035 | _a22314 | ||
| 040 | _cCHAP | ||
| 082 |
_a638.12 _bJ64 |
||
| 100 | 0 | 0 |
_aJohansson, T. S. K. _961768 |
| 245 | _aSome important operations in bee management | ||
| 260 |
_aLondon : _bInternational Bee Research Association, _c1978 |
||
| 300 | _a145 p | ||
| 590 |
_aBATCH-UPD _b10 _c20130110 _lUCH01 _h2029 |
||
| 590 |
_aCONVERSION _b10 _c20130109 _lUCH01 _h1311 |
||
| 650 | 1 | 4 |
_aApicultura. _96241 |
| 700 | 0 |
_aJohansson, M. P. _961767 |
|
| 901 | _aBK | ||
| 942 | _cLIBRO | ||
| 949 |
_a638.12 J64 _bBC _cLIBRO _d33724000094991 _eLIBRO _h56589 _i22314 _mD _si _t219.00 |
||
| 949 |
_a638.12 J64 _bBC _cLIBRO _d33724000095006 _eLIBRO _fc.2 _h56590 _i22314 _si _t219.00 |
||
| 999 |
_c17257 _d17257 |
||